000 00557nam a2200217Ia 4500
003 OSt
005 20230413151933.0
008 210423s2004 xx 000 0 und d
020 _a1-85984-458-8
040 _cAL
041 _aeng
082 _a809
_223
_bPRED
100 _aPRENDERGAST (Christopher) Ed
_988170
245 _aDebating world literature
260 _aLondon
_bVerso
_c2004
300 _axiii,353
_bPB
365 _b1632.4
_cUSD
650 _aHistory of Literature
_988171
906 _aDebating ; literature ; world
942 _2ddc
_cBK
999 _c169923
_d169923